000 00828nam1a22002651i 4500
001 rc\4853413
005 20240724162454.0
021 _aRU
_b[59-18704]
021 _aRU
_b[59-18087]
035 _a(NLR Aleph) 008900491
090 _a8699700
_c8699700
100 _a20130426d1959 |||y0rusy50 ca
101 1 _arus
_cfre
102 _aRU
105 _a z |||||
200 1 _aИзбранные произведения
_e[Пер. с фр.
_eВ 2 т.]
_eТ. 1-2
210 _aМосква
_cГосполитиздат
_d1959
215 _a2 т.
_d21
601 2 _aКоммунистическая партия Франции
_2psbo
607 _aФранция
_z20 в.
_2psbo
700 1 _aТорез
_bМ.
_f1900-1964
_gМорис
801 0 _aRU
_bNLR
_gpsbo
801 1 _aRU
_bELAR
_2rusmarc
852 _aNLR
_j59-3/1856
942 _cBOOK